| 000 | 01143nam a22002897a 4500 | ||
|---|---|---|---|
| 001 | 5334 | ||
| 003 | FISKH | ||
| 005 | 20241126155348.0 | ||
| 008 | 241126b cb ||||| |||| 00| 0 eng d | ||
| 020 | _a9781407124124 | ||
| 040 |
_aFISKH _beng _cFISKH _dFISKH |
||
| 082 | _a940 | ||
| 100 | _aWilding, Valerie | ||
| 245 |
_aBoudica and Her Barmy Army / _cby Valerie Wilding |
||
| 260 |
_aNew York : _bScholastic ; _c2005. |
||
| 300 |
_a160 pages : _billustrations ; _c20 cm . |
||
| 490 | _aHorribly Famous | ||
| 505 | _aZ | ||
| 520 | _aEverybody knows that Boudica went galloping to battle in a big chariot, and became very angry with her Roman rulers. But in this book readers will find out all the things they didn't know, such as how she burned London to the ground and chopped off the Emperor Claudius's head (well, sort of). Everything you ever wanted to know about the queen with the barmy army. | ||
| 521 | 8 |
_a910
_bLexile |
|
| 521 | 8 |
_aZ
_bRaz-Plus |
|
| 650 |
_ahistory _vNon-fiction |
||
| 650 |
_aHomeschool _vNon-fiction |
||
| 700 |
_aGoddard, Clive _eillustrator |
||
| 942 |
_2ddc _cBK _n0 |
||
| 999 |
_c5334 _d5334 |
||